Soft Power and Cultural Diplomacy of Slovak Republic
Analýza súčasného pôsobenia slovenskej kultúrnej diplomacie a jej prepojenia so slovenskými inštitúciami. Konkrétne nástroje, prostriedky a programy šírené v oblasti umenia v zahraničí. Teoretická úroveň mäkkej sily. Výkonnosť a riadenie kultúrnej diplomacie.
Saved in:
| Main Author: | |
|---|---|
| Format: | Book Chapter |
| Language: | English |
| Subjects: | |
| Tags: |
No Tags, Be the first to tag this record!
|
MARC
| LEADER | 00000naa a2200000 4500 | ||
|---|---|---|---|
| 001 | 0258542 | ||
| 005 | 20240502074107.2 | ||
| 041 | 0 | |a eng | |
| 044 | |a SK | ||
| 245 | 1 | 0 | |a Soft Power and Cultural Diplomacy of Slovak Republic |c Natália Goda |
| 520 | |a Analýza súčasného pôsobenia slovenskej kultúrnej diplomacie a jej prepojenia so slovenskými inštitúciami. Konkrétne nástroje, prostriedky a programy šírené v oblasti umenia v zahraničí. Teoretická úroveň mäkkej sily. Výkonnosť a riadenie kultúrnej diplomacie. | ||
| 610 | 2 | 0 | |a diplomacia |
| 610 | 2 | 0 | |a kultúra |
| 610 | 2 | 0 | |a vzťahy medzinárodné |
| 610 | 2 | 0 | |a Slovensko |
| 610 | 2 | 0 | |a vzťahy zahraničné |
| 100 | 1 | |a Goda, Natália, 1995- | |